[Event "14. Opent Internacional de Mislata"]
[Site "Mislata ESP"]
[Date "2006.08.25"]
[Round "4.4"]
[White "Ivanov, Jordan"]
[Black "Camacho Collados, Jose"]
[Result "1/2-1/2"]
[WhiteElo "2370"]
[BlackElo "2264"]
[PlyCount "119"]
[EventDate "2006.08.23"]
[EventType "swiss"]
[EventRounds "9"]
[EventCountry "ESP"]
[Source "lmi"]
[SourceDate "2006.08.23"]

1. d4 Nf6 2. c4 g6 3. Nc3 d5 4. cxd5 Nxd5 5. e4 Nxc3 6. bxc3 Bg7 7. Bc4 c5 8.
Ne2 O-O 9. Be3 Nc6 10. O-O Bg4 11. f3 Na5 12. Bd3 cxd4 13. cxd4 Be6 14. Rc1
Bxa2 15. Qa4 Bb3 16. Qb4 b6 17. Ba6 Qd6 18. Qb5 Be6 19. Bf4 Qd7 20. d5 Qxb5 21.
Bxb5 a6 22. Bd3 Bd7 23. Rc7 e5 24. Be3 Bb5 25. Bxb5 axb5 26. Bxb6 Nc4 27. Bc5
Rfc8 28. Rxc8+ Rxc8 29. Bb4 Bf8 30. Rb1 Bxb4 31. Rxb4 Nd6 32. Kf2 f5 33. Ke3
Rc2 34. Kd3 Ra2 35. g3 Kf7 36. h4 Ke7 37. Nc3 Rg2 38. Nxb5 fxe4+ 39. fxe4 Rxg3+
40. Kd2 Rg4 41. Nxd6 Kxd6 42. Rb6+ Kc7 43. Rc6+ Kd7 44. h5 gxh5 45. Rh6 Rxe4
46. Rxh5 Kd6 47. Rxh7 Ra4 48. Ke3 Ra3+ 49. Ke4 Ra4+ 50. Ke3 Kxd5 51. Rd7+ Ke6
52. Rd8 Ra5 53. Ke4 Ra4+ 54. Ke3 Ra6 55. Ke4 Rb6 56. Re8+ Kf6 57. Rf8+ Ke7 58.
Rf5 Rb5 59. Rxe5+ Rxe5+ 60. Kxe5 1/2-1/2

[Event "14. Opent Internacional de Mislata"]
[Site "Mislata ESP"]
[Date "2006.08.25"]
[Round "4.5"]
[White "Vallejo Diaz, Jesus"]
[Black "Garcia Fernandez, Carlos"]
[Result "1/2-1/2"]
[WhiteElo "2265"]
[BlackElo "2358"]
[PlyCount "99"]
[EventDate "2006.08.23"]
[EventType "swiss"]
[EventRounds "9"]
[EventCountry "ESP"]
[Source "lmi"]
[SourceDate "2006.08.23"]

1. e4 d6 2. d4 Nf6 3. Nc3 e5 4. Nf3 Nbd7 5. Bc4 Be7 6. O-O O-O 7. Re1 c6 8. a4
b6 9. b3 Bb7 10. a5 Rb8 11. axb6 axb6 12. Bb2 b5 13. Bd3 Re8 14. Ne2 Bf8 15.
Ng3 g6 16. Qd2 h6 17. c4 bxc4 18. Bxc4 Qc7 19. Rac1 Ba8 20. Qc2 Nb6 21. Bd3
Nfd7 22. Nf1 Qd8 23. N1d2 Qf6 24. Nf1 Bb7 25. Qd2 Qe6 26. Qc3 Bg7 27. Qc2 Rec8
28. Ne3 Qe7 29. Qd2 Kh7 30. Ba1 Ra8 31. dxe5 dxe5 32. Nc4 Nxc4 33. Bxc4 Nb6 34.
Bc3 Nxc4 35. bxc4 Ra4 36. Qb2 f6 37. Bd2 Rca8 38. Rc2 Bc8 39. Be3 Be6 40. Nd2
Qf7 41. Rec1 Bf8 42. c5 Qd7 43. Rb1 R8a7 44. Qc1 Be7 45. Nc4 Bxc4 46. Rxc4 h5
47. Rxa4 Rxa4 48. Qc2 Ra7 49. Qc4 Bd8 50. h3 1/2-1/2

[Event "14. Opent Internacional de Mislata"]
[Site "Mislata ESP"]
[Date "2006.08.25"]
[Round "4.6"]
[White "Galvan Huaraca, Jesus"]
[Black "Ibañez Aullana, Ramon"]
[Result "0-1"]
[WhiteElo "2211"]
[BlackElo "2337"]
[PlyCount "74"]
[EventDate "2006.08.23"]
[EventType "swiss"]
[EventRounds "9"]
[EventCountry "ESP"]
[Source "lmi"]
[SourceDate "2006.08.23"]

1. d4 d5 2. c4 c6 3. Nc3 Nf6 4. cxd5 cxd5 5. Nf3 a6 6. Bf4 Nc6 7. e3 Bf5 8. Bd3
Bxd3 9. Qxd3 e6 10. O-O Be7 11. h3 O-O 12. Rfc1 Rc8 13. a3 Na5 14. Nd2 Qd7 15.
b4 Nc4 16. Nb3 b6 17. Rc2 h6 18. Kh1 Rfd8 19. Raa2 Ne8 20. f3 Ned6 21. e4 Nb5
22. Na4 Rc6 23. Bc1 Rdc8 24. e5 Qc7 25. Rf2 Bh4 26. Rf1 Qd7 27. f4 R8c7 28. Qf3
Nbxa3 29. Nxb6 Nxb6 30. Rxa3 Rc3 31. Qh5 Qb5 32. Kg1 Qxb4 33. Qxh4 Rxc1 34.
Nxc1 Qxa3 35. f5 Rxc1 36. Qd8+ Kh7 37. Qxb6 Qe3+ 0-1

[Event "14. Opent Internacional de Mislata"]
[Site "Mislata ESP"]
[Date "2006.08.25"]
[Round "4.7"]
[White "Cabrera Pino, Alexis"]
[Black "Gonzalez Aguirre, Luis"]
[Result "1-0"]
[WhiteElo "2506"]
[BlackElo "2217"]
[PlyCount "61"]
[EventDate "2006.08.23"]
[EventType "swiss"]
[EventRounds "9"]
[EventCountry "ESP"]
[Source "lmi"]
[SourceDate "2006.08.23"]

1. e4 c6 2. d4 d5 3. e5 Bf5 4. c4 e6 5. Nc3 Nd7 6. a3 dxc4 7. Bxc4 Nb6 8. Bb3
Ne7 9. Nge2 Nbd5 10. Ng3 Bg6 11. h4 h5 12. Bg5 Qb6 13. O-O Nf5 14. Nxd5 exd5
15. Bc2 Nxg3 16. fxg3 Bxc2 17. Qxc2 Qxd4+ 18. Kh2 Bc5 19. Rf4 Qxe5 20. Qxc5 f6
21. Rff1 Kd7 22. Bf4 Qe7 23. Qa5 Qd8 24. Qb4 Kc8 25. Rfe1 a5 26. Qe7 Qd7 27.
Re6 b6 28. Qxd7+ Kxd7 29. Rd6+ Kc7 30. Rxd5+ Kb7 31. Rd7+ 1-0

[Event "14. Opent Internacional de Mislata"]
[Site "Mislata ESP"]
[Date "2006.08.25"]
[Round "4.8"]
[White "Sanchez Romero, Miguel Angel"]
[Black "Komljenovic, Davor"]
[Result "1/2-1/2"]
[WhiteElo "2208"]
[BlackElo "2473"]
[PlyCount "53"]
[EventDate "2006.08.23"]
[EventType "swiss"]
[EventRounds "9"]
[EventCountry "ESP"]
[Source "lmi"]
[SourceDate "2006.08.23"]

1. e4 c5 2. Nf3 e6 3. d3 d5 4. Nbd2 Nc6 5. g3 Bd6 6. Bg2 Nge7 7. O-O O-O 8. Re1
d4 9. e5 Bc7 10. Ne4 b6 11. Nfg5 h6 12. Nf6+ gxf6 13. exf6 Nd5 14. Ne4 Nxf6 15.
Bxh6 Nxe4 16. Bxe4 e5 17. Bxf8 Kxf8 18. Bxc6 Rb8 19. Qh5 Be6 20. Qh6+ Ke7 21.
Qg5+ Kd6 22. Qxd8+ Rxd8 23. Bf3 c4 24. Kg2 Rh8 25. Rh1 Bd7 26. Kf1 Be6 27. Kg2
1/2-1/2

[Event "14. Opent Internacional de Mislata"]
[Site "Mislata ESP"]
[Date "2006.08.25"]
[Round "4.9"]
[White "Gonzalez Rodriguez, Jorge"]
[Black "Carbonell Bofill, Carlos"]
[Result "1-0"]
[WhiteElo "2443"]
[BlackElo "2175"]
[PlyCount "89"]
[EventDate "2006.08.23"]
[EventType "swiss"]
[EventRounds "9"]
[EventCountry "ESP"]
[Source "lmi"]
[SourceDate "2006.08.23"]

1. b3 e5 2. Bb2 Nc6 3. e3 Nf6 4. Nf3 e4 5. Ng1 d5 6. d4 Bd6 7. c4 O-O 8. a3 b6
9. Nc3 Re8 10. b4 a6 11. c5 bxc5 12. bxc5 Rb8 13. Na4 Bf8 14. Bc3 g6 15. Ne2 h5
16. h3 Bh6 17. Nc1 h4 18. Na2 Nh5 19. Nb4 Nxb4 20. axb4 f5 21. Be2 Qg5 22. Bxh5
gxh5 23. O-O Kh7 24. f4 exf3 25. Rxf3 Qg7 26. Qd3 Bd7 27. Ra2 Rg8 28. c6 Bxc6
29. Qxf5+ Kh8 30. Nc5 a5 31. Ne6 Qe7 32. Qe5+ Kh7 33. Raf2 Be8 34. bxa5 Rg6 35.
Nxc7 Qxe5 36. dxe5 Rc6 37. Nxd5 Rb1+ 38. Rf1 Rxf1+ 39. Rxf1 Bxe3+ 40. Nxe3 Rxc3
41. Nd5 Rc5 42. Nf6+ Kg6 43. Nxe8 Rxe5 44. Nd6 Rxa5 45. Ne4 1-0

[Event "14. Opent Internacional de Mislata"]
[Site "Mislata ESP"]
[Date "2006.08.25"]
[Round "4.10"]
[White "Megias Chafer, Alejandro"]
[Black "Cruz Estrada, Filemon"]
[Result "0-1"]
[WhiteElo "2149"]
[BlackElo "2397"]
[PlyCount "106"]
[EventDate "2006.08.23"]
[EventType "swiss"]
[EventRounds "9"]
[EventCountry "ESP"]
[Source "lmi"]
[SourceDate "2006.08.23"]

1. e4 c5 2. Nf3 e6 3. d4 cxd4 4. Nxd4 a6 5. c4 Nf6 6. Nc3 Qc7 7. Bd3 Nc6 8. Nc2
Ne5 9. Ne3 Nxd3+ 10. Qxd3 Be7 11. O-O O-O 12. b3 d6 13. Bb2 b6 14. Rfd1 Bb7 15.
Rac1 Rac8 16. Qd4 Rfd8 17. Kh1 Bf8 18. f3 Qb8 19. Ba3 Bc6 20. Ne2 Ne8 21. Qa1
b5 22. cxb5 axb5 23. Bb2 Qb7 24. Nd4 Bd7 25. Rxc8 Rxc8 26. Rc1 Nc7 27. a3 d5
28. exd5 Nxd5 29. Rxc8 Bxc8 30. Nxd5 Qxd5 31. Qc1 e5 32. Nc6 e4 33. fxe4 Qxe4
34. Nd4 Bb7 35. Qd2 Qg6 36. Qc2 Bxg2+ 37. Qxg2 Qb1+ 38. Qg1 Qxb2 39. Nxb5 Qxb3
40. Qg5 h6 41. Qf5 Bxa3 42. Nxa3 Qxa3 43. Kg2 Qa2+ 44. Kh1 Qa6 45. h3 Qe6 46.
Qf3 Kh7 47. Kh2 Qe5+ 48. Kg1 f5 49. Qb7 Qg3+ 50. Kf1 Qxh3+ 51. Ke2 Qg4+ 52. Kf2
Qf4+ 53. Kg1 Qe4 0-1

[Event "14. Opent Internacional de Mislata"]
[Site "Mislata ESP"]
[Date "2006.08.25"]
[Round "4.11"]
[White "Gomez Jurado, Luis Alberto"]
[Black "Jordan Arenas, Manuel"]
[Result "1-0"]
[WhiteElo "2333"]
[BlackElo "2149"]
[PlyCount "185"]
[EventDate "2006.08.23"]
[EventType "swiss"]
[EventRounds "9"]
[EventCountry "ESP"]
[Source "lmi"]
[SourceDate "2006.08.23"]

1. d4 g6 2. Nf3 Nf6 3. c4 Bg7 4. Nc3 O-O 5. e4 d6 6. Be2 e5 7. Be3 Na6 8. O-O
Ng4 9. Bg5 Qe8 10. h3 h6 11. Bc1 Nf6 12. d5 Nh5 13. Re1 Nf4 14. Bf1 Bd7 15. Rb1
Nc5 16. b4 Na4 17. Nxa4 Bxa4 18. Qd2 Bd7 19. Qc2 c6 20. dxc6 bxc6 21. c5 dxc5
22. bxc5 Rb8 23. Be3 Qe7 24. Qa4 Ne6 25. Rxb8 Rxb8 26. Qxa7 Rb4 27. Bd2 Rb2 28.
Bc3 Rc2 29. Bxe5 Qxc5 30. Qxc5 Nxc5 31. Bxg7 Kxg7 32. Ra1 Na4 33. Rd1 Be6 34.
Nd4 Rxa2 35. Nxe6+ fxe6 36. Bc4 Rb2 37. Rd7+ Kf6 38. Rd6 Nc5 39. Rxc6 Nxe4 40.
Rxe6+ Kf5 41. Re8 Nd2 42. Bd3+ Kf6 43. Rg8 g5 44. Rg6+ Ke5 45. Rxh6 Rb3 46. Bh7
Ra3 47. g3 Nf3+ 48. Kg2 Ne1+ 49. Kf1 Nf3 50. Rb6 Ra1+ 51. Ke2 Ng1+ 52. Ke3 Ra3+
53. Bd3 Nxh3 54. Rb5+ Ke6 55. f3 Kf6 56. Rd5 Rb3 57. Kd2 Ra3 58. Rf5+ Ke6 59.
Rf8 Ra2+ 60. Ke3 Ke7 61. Rf7+ Kd6 62. Rh7 Ng1 63. Rh1 Rg2 64. g4 Rg3 65. Be4
Nh3 66. Rc1 Ke5 67. Rc5+ Kf6 68. Bd3 Rg1 69. Rc6+ Ke5 70. Rc5+ Kf6 71. Kd4 Rd1
72. Rc6+ Kg7 73. Ke3 Re1+ 74. Kd2 Re5 75. Rg6+ Kf7 76. Rh6 Nf4 77. Be4 Kg7 78.
Rd6 Ra5 79. Kc3 Rc5+ 80. Kd4 Ra5 81. Rb6 Ne2+ 82. Kc4 Nf4 83. Bc6 Ne6 84. Bb5
Nf4 85. Kd4 Ra1 86. Ke5 Ra5 87. Kf5 Nh3 88. Rb7+ Kh6 89. Kf6 Ra8 90. Bd3 Rf8+
91. Ke7 Rxf3 92. Bf5 Re3+ 93. Kf6 1-0

[Event "14. Opent Internacional de Mislata"]
[Site "Mislata ESP"]
[Date "2006.08.25"]
[Round "4.12"]
[White "Gimeno Higueras, Roberto"]
[Black "Navarro Cia, Miguel"]
[Result "1/2-1/2"]
[WhiteElo "2141"]
[BlackElo "2332"]
[PlyCount "72"]
[EventDate "2006.08.23"]
[EventType "swiss"]
[EventRounds "9"]
[EventCountry "ESP"]
[Source "lmi"]
[SourceDate "2006.08.23"]

1. e4 c5 2. c3 e6 3. Nf3 Nf6 4. e5 Nd5 5. d4 cxd4 6. Qxd4 Nc6 7. Qe4 d6 8. g3
Qc7 9. Bf4 Nxf4 10. gxf4 g6 11. Na3 a6 12. Bg2 d5 13. Qe3 Bxa3 14. bxa3 Bd7 15.
c4 dxc4 16. Nd2 Na5 17. Ne4 Bc6 18. Nf6+ Kf8 19. f3 b5 20. h4 h5 21. Rd1 Kg7
22. Qc3 Nb7 23. f5 Qa5 24. Qxa5 Nxa5 25. fxe6 fxe6 26. Rd6 Rhd8 27. Rxe6 Kf7
28. Bh3 Bxf3 29. O-O Rd1 30. Rxd1 Bxd1 31. Rd6 Bg4 32. Bg2 Ra7 33. Bd5+ Ke7 34.
Ng8+ Ke8 35. Nf6+ Ke7 36. Ng8+ Ke8 1/2-1/2

[Event "14. Opent Internacional de Mislata"]
[Site "Mislata ESP"]
[Date "2006.08.25"]
[Round "4.13"]
[White "Peña Riascos, Alexander"]
[Black "Carrascoso Morales, Abel"]
[Result "1-0"]
[WhiteElo "2313"]
[BlackElo "2134"]
[PlyCount "27"]
[EventDate "2006.08.23"]
[EventType "swiss"]
[EventRounds "9"]
[EventCountry "ESP"]
[Source "lmi"]
[SourceDate "2006.08.23"]

1. d4 Nf6 2. c4 e6 3. Nf3 c5 4. d5 b5 5. dxe6 fxe6 6. cxb5 d5 7. e3 Bd6 8. Nc3
O-O 9. e4 d4 10. e5 dxc3 11. Qxd6 Qa5 12. b4 cxb4 13. exf6 b3 14. Bc4 1-0

[Event "14. Opent Internacional de Mislata"]
[Site "Mislata ESP"]
[Date "2006.08.25"]
[Round "4.14"]
[White "Vallejo Diaz, Javier"]
[Black "Sanchez Raboso, Vicente"]
[Result "1-0"]
[WhiteElo "2230"]
[BlackElo "2117"]
[PlyCount "93"]
[EventDate "2006.08.23"]
[EventType "swiss"]
[EventRounds "9"]
[EventCountry "ESP"]
[Source "lmi"]
[SourceDate "2006.08.23"]

1. e4 e5 2. Nf3 Nc6 3. Bb5 Nf6 4. d3 Bc5 5. O-O d6 6. Be3 Bb6 7. Nbd2 O-O 8. c3
Ne7 9. d4 Ng6 10. dxe5 Bxe3 11. exf6 Bh6 12. fxg7 Bxg7 13. g3 a6 14. Be2 b5 15.
a4 b4 16. cxb4 Bxb2 17. Rb1 Bg7 18. Qc2 f5 19. exf5 Bxf5 20. Bd3 Bh3 21. Rfc1
Qf6 22. Bf1 Bf5 23. Bd3 Bh3 24. Rb3 Bh6 25. Bc4+ Kh8 26. Bd5 Rae8 27. Ne4 Qf5
28. Qc3+ Bg7 29. Qd3 Nf4 30. gxf4 Rxe4 31. Nh4 Qxf4 32. Ng6+ hxg6 33. Qxh3+ Bh6
34. Bxe4 Qxc1+ 35. Kg2 Qf4 36. Rf3 Qg5+ 37. Rg3 Qd2 38. Bf3 Kg7 39. Qd7+ Rf7
40. Qe6 Rf6 41. Qc8 Be3 42. Qxc7+ Rf7 43. Rxg6+ Kxg6 44. Bh5+ Kg5 45. Qxf7 Bb6
46. Qg6+ Kf4 47. Qh6+ 1-0

[Event "14. Opent Internacional de Mislata"]
[Site "Mislata ESP"]
[Date "2006.08.25"]
[Round "4.15"]
[White "Morejon, Eduardo"]
[Black "Jose Iraeta, Alexandre"]
[Result "1/2-1/2"]
[WhiteElo "2103"]
[BlackElo "2221"]
[PlyCount "60"]
[EventDate "2006.08.23"]
[EventType "swiss"]
[EventRounds "9"]
[EventCountry "ESP"]
[Source "lmi"]
[SourceDate "2006.08.23"]

1. d4 d5 2. Nc3 Nf6 3. Bg5 c6 4. h3 Bf5 5. Nf3 h6 6. Bh4 Qa5 7. Nd2 Nbd7 8. e3
e6 9. Bd3 Bd6 10. Bxf5 exf5 11. Bxf6 Nxf6 12. Qf3 Ne4 13. Nb3 Qb4 14. a3 Qc4
15. Nd2 Nxd2 16. Kxd2 g6 17. Qe2 Qxe2+ 18. Nxe2 Ke7 19. g3 h5 20. h4 Ke6 21. c3
b5 22. b4 a5 23. Rhb1 Ra7 24. Nc1 Rha8 25. Nb3 axb4 26. axb4 Ra2+ 27. Rxa2
Rxa2+ 28. Ke1 f6 29. Ra1 Rc2 30. Rc1 Ra2 1/2-1/2

[Event "14. Opent Internacional de Mislata"]
[Site "Mislata ESP"]
[Date "2006.08.26"]
[Round "5.1"]
[White "Ibañez Aullana, Ramon"]
[Black "Torres Sanchez, Jose"]
[Result "1/2-1/2"]
[WhiteElo "2337"]
[BlackElo "2295"]
[PlyCount "20"]
[EventDate "2006.08.23"]
[EventType "swiss"]
[EventRounds "9"]
[EventCountry "ESP"]
[Source "lmi"]
[SourceDate "2006.08.23"]

1. e4 e5 2. Nf3 Nf6 3. Nxe5 d6 4. Nf3 Nxe4 5. Nc3 Nxc3 6. dxc3 Be7 7. Bf4 Nc6
8. Qd2 Be6 9. O-O-O Qd7 10. Kb1 a6 1/2-1/2

[Event "14. Opent Internacional de Mislata"]
[Site "Mislata ESP"]
[Date "2006.08.26"]
[Round "5.2"]
[White "Arizmendi Martinez, Julen"]
[Black "Cruz Sanchez, Cristhian"]
[Result "1/2-1/2"]
[WhiteElo "2542"]
[BlackElo "2289"]
[PlyCount "85"]
[EventDate "2006.08.23"]
[EventType "swiss"]
[EventRounds "9"]
[EventCountry "ESP"]
[Source "lmi"]
[SourceDate "2006.08.23"]

1. e4 c5 2. Nf3 d6 3. d4 cxd4 4. Nxd4 Nf6 5. Nc3 a6 6. Be3 e5 7. Nb3 Be7 8. Be2
O-O 9. g4 Be6 10. g5 Ne8 11. Qd2 Nd7 12. f4 exf4 13. Bxf4 Nc5 14. Nd4 d5 15.
exd5 Bxd5 16. Nxd5 Qxd5 17. Bf3 Ne4 18. Qe3 f5 19. Qb3 Qxb3 20. axb3 N8d6 21.
h4 Rfe8 22. O-O g6 23. Rad1 Rac8 24. c3 h6 25. h5 hxg5 26. Bxd6 Nxd6 27. hxg6
Kg7 28. Bxb7 Nxb7 29. Nxf5+ Kxg6 30. Rd7 Bc5+ 31. Kg2 Bf8 32. Rxb7 Re2+ 33. Kg3
Rxb2 34. Rf3 Rc6 35. c4 Rf6 36. Ne7+ Bxe7 37. Rxe7 Rxf3+ 38. Kxf3 Rxb3+ 39. Kg4
Kf6 40. Rh7 Rc3 41. Rh6+ Ke5 42. Rxa6 Rxc4+ 43. Kxg5 1/2-1/2

[Event "14. Opent Internacional de Mislata"]
[Site "Mislata ESP"]
[Date "2006.08.26"]
[Round "5.3"]
[White "Gomez Jurado, Luis Alberto"]
[Black "Cabrera Pino, Alexis"]
[Result "0-1"]
[WhiteElo "2333"]
[BlackElo "2506"]
[PlyCount "50"]
[EventDate "2006.08.23"]
[EventType "swiss"]
[EventRounds "9"]
[EventCountry "ESP"]
[Source "lmi"]
[SourceDate "2006.08.23"]

1. d4 f5 2. Qd3 d5 3. g4 g6 4. gxf5 Bxf5 5. Qb5+ Nc6 6. Nf3 Qd7 7. Nc3 e5 8. e4
exd4 9. exd5 dxc3 10. dxc6 bxc6 11. Qe5+ Qe7 12. bxc3 Bg7 13. Qxe7+ Nxe7 14.
Bd2 Be4 15. Bg2 O-O-O 16. O-O-O Rhf8 17. Rhe1 Bxf3 18. Bxf3 Rxf3 19. Rxe7 Bf8
20. Re2 Ba3+ 21. Kb1 Rxc3 22. Rde1 Rc5 23. Bc1 Rb5+ 24. Ka1 Bb4 25. c3 Bxc3+
0-1

[Event "14. Opent Internacional de Mislata"]
[Site "Mislata ESP"]
[Date "2006.08.26"]
[Round "5.4"]
[White "Camacho Collados, Jose"]
[Black "Gonzalez Rodriguez, Jorge"]
[Result "1-0"]
[WhiteElo "2264"]
[BlackElo "2447"]
[PlyCount "137"]
[EventDate "2006.08.23"]
[EventType "swiss"]
[EventRounds "9"]
[EventCountry "ESP"]
[Source "lmi"]
[SourceDate "2006.08.23"]

1. Nf3 Nf6 2. g3 g6 3. Bg2 Bg7 4. d4 O-O 5. c4 d6 6. O-O c6 7. Nc3 Nbd7 8. h3
a6 9. e4 Qc7 10. Qc2 e5 11. Be3 exd4 12. Nxd4 Re8 13. Rad1 Rb8 14. Rfe1 Bf8 15.
b3 Nc5 16. Bg5 Nfd7 17. b4 Ne6 18. Nxe6 fxe6 19. e5 d5 20. cxd5 cxd5 21. Qd2
Nb6 22. Qd4 Be7 23. Be3 Bd8 24. h4 Qc4 25. h5 Bd7 26. hxg6 hxg6 27. Qd2 Qg4 28.
Qc2 Rc8 29. Rd4 Qf5 30. Qxf5 gxf5 31. Rc1 Na4 32. Ne2 Rxc1+ 33. Bxc1 Bb6 34.
Rh4 Rc8 35. Bg5 Rc2 36. Bf3 Bb5 37. Nd4 Bxd4 38. Rxd4 Rc4 39. Rh4 Rxh4 40. gxh4
Nc3 41. Bh5 d4 42. f3 Nxa2 43. Bg6 Kg7 44. h5 Nxb4 45. Bf6+ Kh6 46. Be7 Nd5 47.
Bf8+ Kg5 48. Kf2 b6 49. Bf7 f4 50. h6 Bd3 51. Bxe6 Ne3 52. Bg8 a5 53. h7 Bxh7
54. Bxh7 Nc4 55. e6 Kf6 56. e7 Nd6 57. Bd3 Kf7 58. Ke2 b5 59. Kd2 a4 60. Bc2 a3
61. Bb3+ Ke8 62. Kd3 Nf5 63. Ke4 Nxe7 64. Bxe7 Kxe7 65. Kxf4 Kd6 66. Ke4 Kc5
67. Kd3 Kb4 68. Ba2 Ka4 69. Kxd4 1-0

[Event "14. Opent Internacional de Mislata"]
[Site "Mislata ESP"]
[Date "2006.08.26"]
[Round "5.5"]
[White "Cruz Estrada, Filemon"]
[Black "Pallardo Lozoya, Jose Vte"]
[Result "0-1"]
[WhiteElo "2397"]
[BlackElo "2323"]
[PlyCount "112"]
[EventDate "2006.08.23"]
[EventType "swiss"]
[EventRounds "9"]
[EventCountry "ESP"]
[Source "lmi"]
[SourceDate "2006.08.23"]

1. b3 e5 2. Bb2 Nc6 3. e3 g6 4. Bb5 Nge7 5. f4 Bg7 6. Nf3 f6 7. fxe5 fxe5 8. e4
a6 9. Be2 O-O 10. O-O h6 11. Nc3 d6 12. a4 Be6 13. Bc4 Bxc4 14. bxc4 b6 15. Nd5
Na5 16. d3 Nb7 17. Bc1 Qd7 18. Be3 Kh7 19. Qe1 Nxd5 20. cxd5 Bf6 21. Qc3 Rf7
22. Qc4 Na5 23. Qc3 Raf8 24. d4 Qg4 25. dxe5 Bg7 26. Nd2 Bxe5 27. Bd4 Bxd4+ 28.
Qxd4 Nb7 29. Nb3 Qe2 30. Rxf7+ Rxf7 31. Qd3 Qf2+ 32. Kh1 a5 33. h3 Nc5 34. Qc4
Rf4 35. Nxc5 Qxc5 36. Qe2 Qd4 37. Re1 Qxa4 38. e5 dxe5 39. Qxe5 Rf7 40. d6 cxd6
41. Qxd6 Qxc2 42. Qxb6 a4 43. Qe6 Qb3 44. Qd6 a3 45. Ra1 a2 46. Qd4 Rb7 47. Kh2
Qb2 48. Qxb2 Rxb2 49. Kg3 Rb3+ 50. Kf4 Ra3 51. h4 Kg7 52. Ke5 Kf7 53. g4 Ke7
54. g5 h5 55. Kd5 Ra5+ 56. Kd4 Ke6 0-1

[Event "14. Opent Internacional de Mislata"]
[Site "Mislata ESP"]
[Date "2006.08.26"]
[Round "5.6"]
[White "Vallejo Diaz, Jesus"]
[Black "Ivanov, Jordan"]
[Result "1-0"]
[WhiteElo "2265"]
[BlackElo "2370"]
[PlyCount "85"]
[EventDate "2006.08.23"]
[EventType "swiss"]
[EventRounds "9"]
[EventCountry "ESP"]
[Source "lmi"]
[SourceDate "2006.08.23"]

1. e4 c5 2. Nf3 e6 3. b3 Nf6 4. e5 Nd5 5. Bb2 Nc6 6. g3 d6 7. exd6 Qxd6 8. Bg2
f6 9. O-O e5 10. Re1 Be6 11. Na3 Qd7 12. c3 Nc7 13. Nc2 O-O-O 14. d4 exd4 15.
cxd4 c4 16. bxc4 Bxc4 17. Ne3 Be6 18. Rc1 Kb8 19. a3 Nd5 20. Nd2 Nxe3 21. fxe3
f5 22. Rf1 g6 23. Bxc6 bxc6 24. d5 Qxd5 25. Bxh8 Bxa3 26. Rb1+ Ka8 27. Bf6 Qxd2
28. Bxd8 Qxe3+ 29. Rf2 Bc5 30. Rbb2 Bd5 31. Qb1 Qe5 32. Bg5 Bb6 33. Bf4 Qd4 34.
h4 Be4 35. Qc1 h6 36. Rbd2 Qh8 37. Qb2 Qf8 38. Qc3 g5 39. Be3 c5 40. Qe5 Qc8
41. hxg5 hxg5 42. Rh2 Qc6 43. Rh7 1-0

[Event "14. Opent Internacional de Mislata"]
[Site "Mislata ESP"]
[Date "2006.08.26"]
[Round "5.7"]
[White "Garcia Fernandez, Carlos"]
[Black "Peña Riascos, Alexander"]
[Result "1-0"]
[WhiteElo "2358"]
[BlackElo "2313"]
[PlyCount "69"]
[EventDate "2006.08.23"]
[EventType "swiss"]
[EventRounds "9"]
[EventCountry "ESP"]
[Source "lmi"]
[SourceDate "2006.08.23"]

1. e4 c5 2. c3 d6 3. d4 Nf6 4. f3 e5 5. dxe5 dxe5 6. Qxd8+ Kxd8 7. Na3 Be6 8.
Bc4 Ke7 9. Be3 Nbd7 10. Bxe6 Kxe6 11. Nb5 Ne8 12. c4 Nb8 13. Nh3 f6 14. O-O-O
Nc6 15. f4 b6 16. f5+ Ke7 17. g4 Nd4 18. Nc3 Nc7 19. g5 Kf7 20. Nf2 Be7 21. h4
Rab8 22. Ng4 Bf8 23. h5 Re8 24. h6 fxg5 25. hxg7 Bxg7 26. f6 h5 27. Rxh5 Ra8
28. Rxg5 Bf8 29. Nxe5+ Ke6 30. Nd5 Bd6 31. Ng6 Rh2 32. e5 Rc2+ 33. Kb1 Rxc4 34.
Ndf4+ Kf7 35. exd6 1-0

[Event "14. Opent Internacional de Mislata"]
[Site "Mislata ESP"]
[Date "2006.08.26"]
[Round "5.8"]
[White "Garcia Roman, Daniel"]
[Black "Vallejo Diaz, Javier"]
[Result "1-0"]
[WhiteElo "2438"]
[BlackElo "2230"]
[PlyCount "43"]
[EventDate "2006.08.23"]
[EventType "swiss"]
[EventRounds "9"]
[EventCountry "ESP"]
[Source "lmi"]
[SourceDate "2006.08.23"]

1. d4 d5 2. Nf3 Nf6 3. c4 c6 4. e3 a6 5. Bd3 Nbd7 6. Nbd2 e6 7. O-O Be7 8. e4
dxe4 9. Nxe4 c5 10. Nxc5 Nxc5 11. dxc5 Bxc5 12. b4 Be7 13. Bb2 O-O 14. Qe2 Bxb4
15. Ng5 h6 16. Bxf6 Qxf6 17. Nh7 Qe7 18. Nxf8 Kxf8 19. Rab1 b6 20. Qe4 Bb7 21.
Qh7 Qg5 22. Be4 1-0

[Event "14. Opent Internacional de Mislata"]
[Site "Mislata ESP"]
[Date "2006.08.26"]
[Round "5.9"]
[White "Komljenovic, Davor"]
[Black "Balada Moreno, Jose Luis"]
[Result "1-0"]
[WhiteElo "2473"]
[BlackElo "2170"]
[PlyCount "77"]
[EventDate "2006.08.23"]
[EventType "swiss"]
[EventRounds "9"]
[EventCountry "ESP"]
[Source "lmi"]
[SourceDate "2006.08.23"]

1. c4 Nf6 2. Nf3 d6 3. d4 g6 4. Nc3 Bg7 5. e4 O-O 6. Be2 e5 7. d5 a5 8. Bg5 h6
9. Bh4 Na6 10. Nd2 Qe8 11. a3 Bd7 12. b3 Nh7 13. Rb1 f5 14. f3 Bf6 15. Bf2 Bg5
16. b4 axb4 17. axb4 b6 18. Bd3 Bxd2+ 19. Qxd2 f4 20. Qb2 g5 21. Ke2 g4 22. Ra1
gxf3+ 23. gxf3 Qh5 24. h4 Kh8 25. c5 Nxb4 26. Qxb4 bxc5 27. Qb2 Rab8 28. Qc2
Rb4 29. Rhb1 Rfb8 30. Rxb4 Rxb4 31. Rb1 Bh3 32. Rxb4 cxb4 33. Nb1 Qf7 34. Qa4
Nf6 35. Qxb4 Nh5 36. Nd2 Ng3+ 37. Kd1 Kg7 38. Qb7 Kg6 39. Kc2 1-0

[Event "14. Opent Internacional de Mislata"]
[Site "Mislata ESP"]
[Date "2006.08.26"]
[Round "5.10"]
[White "Borges Mateos, Juan"]
[Black "Gimeno Higueras, Roberto"]
[Result "1-0"]
[WhiteElo "2434"]
[BlackElo "2141"]
[PlyCount "69"]
[EventDate "2006.08.23"]
[EventType "swiss"]
[EventRounds "9"]
[EventCountry "ESP"]
[Source "lmi"]
[SourceDate "2006.08.23"]

1. Nf3 Nf6 2. c4 e6 3. g3 d5 4. Bg2 c6 5. Qc2 Nbd7 6. d4 Bb4+ 7. Nbd2 Qe7 8. a3
Ba5 9. O-O O-O 10. e4 dxe4 11. Nxe4 e5 12. Nxf6+ Qxf6 13. Bg5 Qd6 14. b4 Bd8
15. dxe5 Nxe5 16. Rad1 Nxf3+ 17. Bxf3 Qc7 18. Bf4 Qb6 19. c5 Qa6 20. a4 Bf6 21.
Rd6 Bh3 22. Be2 b5 23. axb5 Qb7 24. bxc6 Qxb4 25. Rb1 Qa5 26. Bf1 Bxf1 27. Kxf1
Rac8 28. Qc4 Be7 29. Rb7 Bxd6 30. cxd6 Qf5 31. d7 Rcd8 32. Bd6 a5 33. Bxf8 Rxf8
34. Rb5 Qh3+ 35. Kg1 1-0